Development, Validation And Acceptability of Modules in Biology For Grade 7 Students/ (Record no. 77654)
[ view plain ]
| 000 -LEADER | |
|---|---|
| fixed length control field | 01231nam a22002537i 4500 |
| 003 - CONTROL NUMBER IDENTIFIER | |
| control field | URS |
| 005 - DATE AND TIME OF LATEST TRANSACTION | |
| control field | 20240416181801.0 |
| 008 - FIXED-LENGTH DATA ELEMENTS--GENERAL INFORMATION | |
| fixed length control field | 200302b ||||| |||| 00| 0 eng d |
| 050 00 - LIBRARY OF CONGRESS CALL NUMBER | |
| Classification number | HQ 772 |
| Item number | Ev1 2015 |
| 100 1# - MAIN ENTRY--PERSONAL NAME | |
| Personal name | Evagelista, Ronalyn B. |
| 245 10 - TITLE STATEMENT | |
| Title | Development, Validation And Acceptability of Modules in Biology For Grade 7 Students/ |
| Statement of responsibility, etc. | Evagelista, Ronalyn B. Christian M. Banzales Emelyn M. Ganzan |
| 260 ## - PUBLICATION, DISTRIBUTION, ETC. | |
| Date of publication, distribution, etc. | 2015 |
| 300 ## - PHYSICAL DESCRIPTION | |
| Extent | xi, 93 leaves: |
| Other physical details | illustrations, |
| Dimensions | 28 cm. |
| 336 ## - CONTENT TYPE | |
| Source | rdacontent |
| Content type term | text |
| 337 ## - MEDIA TYPE | |
| Source | rdamedia |
| Media type term | unmediated |
| 338 ## - CARRIER TYPE | |
| Source | rdacarrier |
| Carrier type term | volume |
| 502 ## - DISSERTATION NOTE | |
| Dissertation note | Undergraduate Study Thesis |
| Degree type | Bachelor of Secondary Education Major in Biological Science |
| Name of granting institution | University of Rizal System |
| Year degree granted | 2015 |
| 520 ## - SUMMARY, ETC. | |
| Summary, etc. | This study aimed to Develop, validate and Determine the level of effectiveness of biology moduleswhich served as supplementary instructional material for the Students.This study was conducted during the School year 2013-2014 at Montalban Heights National High School |
| 650 #0 - SUBJECT ADDED ENTRY--TOPICAL TERM | |
| Topical term or geographic name entry element | Children--Care and hygiene. |
| 700 ## - ADDED ENTRY--PERSONAL NAME | |
| Personal name | Christian M. Banzales |
| 700 ## - ADDED ENTRY--PERSONAL NAME | |
| Personal name | Emelyn M. Ganzan |
| 856 ## - ELECTRONIC LOCATION AND ACCESS | |
| Materials specified | Online Request for Student Unpublished Works |
| Uniform Resource Identifier | <a href="https://forms.gle/7LqvGGkaDrUQqz429">https://forms.gle/7LqvGGkaDrUQqz429</a> |
| 942 ## - ADDED ENTRY ELEMENTS (KOHA) | |
| Source of classification or shelving scheme | Library of Congress Classification |
| Koha item type | Theses and dissertations |
No items available.